Statistics for Country Superlatives by Letter - B

Click here to take the quiz!

General Stats

  • This quiz has been taken 53 times
  • The average score is 6 of 10

Answer Stats

Category Country % Correct
Most PopulousBrazil
96%
Highest ElevationBhutan
80%
Greatest Land AreaBrazil
72%
EasternmostBrunei
57%
Coldest TemperatureBelarus
52%
Youngest PopulationBurundi
50%
Smallest PopulationBarbados
50%
Most Densely PopulatedBahrain
43%
Most SlaveryBangladesh
41%
Oldest PopulationBulgaria
24%

Score Distribution

Percentile by Number Answered

Percent of People with Each Score

Your Score History

You have not taken this quiz